Politika zamestnanosti a politika trhu práce v Maďarskej republike

Uložené v:
Podrobná bibliografia
Hlavný autor: Ižová, Eulália
Médium: Kniha
Jazyk:Slovak
Vydavateľské údaje: Bratislava Výskumný ústav národohospodársky VŠE 1991
Predmet:
Tagy: Pridať tag
Žiadne tagy, Buďte prvý, kto otaguje tento záznam!

MARC

LEADER 00000nam a2200000 4500
001 c000535
005 20221214094541.8
041 0 |a slo 
044 |a SK 
245 1 0 |a Politika zamestnanosti a politika trhu práce v Maďarskej republike  |c Eulália Ižová 
264 1 |a Bratislava  |b Výskumný ústav národohospodársky VŠE  |c 1991 
300 |a 14 s. 
610 2 0 |a trh práce 
610 2 0 |a zamestnanosť 
610 2 0 |a Maďarsko 
610 2 0 |a politika sociálna 
610 2 0 |a hospodárstvo trhové 
610 2 0 |a normy právne 
100 1 |a Ižová, Eulália